Southville International School and Colleges
Your cart is empty.
  • Cart
  • Lists
    Public lists Eva Luna New books Lux_list list_1
    Your lists Log in to create your own lists
  • Log in to your account
  • Your cookies
  • Search history
Southville International School and Colleges
  • Advanced search
  • Recent comments
  • Most popular
  • Libraries

Log in to your account

Log in with GOOGLE


If you do not have an external account, but do have a local account, you can still log in:

  1. Home
  2. MARC view: Fluids and electrocytes demystified :
Normal view MARC view ISBD view

Fluids and electrocytes demystified : (Record no. 13734)

[ view plain ]
MARC details
000 -LEADER
fixed length control field 00570nam a22001817a 4500
003 - CONTROL NUMBER IDENTIFIER
control field OSt
005 - DATE AND TIME OF LATEST TRANSACTION
control field 20140310182456.0
008 - FIXED-LENGTH DATA ELEMENTS--GENERAL INFORMATION
fixed length control field 130806t xxu||||| |||| 00| 0 eng d
020 ## - INTERNATIONAL STANDARD BOOK NUMBER
International Standard Book Number 9780071496247
050 ## - LIBRARY OF CONGRESS CALL NUMBER
Classification number RC 630
Item number .J64 2008
100 ## - MAIN ENTRY--PERSONAL NAME
Personal name Johnson, Joyce Y.
9 (RLIN) 8373
245 ## - TITLE STATEMENT
Title Fluids and electrocytes demystified :
Remainder of title a self teaching guide /
Statement of responsibility, etc Joyce Y. Johnson, Edward Lyons, Bennita W. Vaughans.
260 ## - PUBLICATION, DISTRIBUTION, ETC. (IMPRINT)
Place of publication, distribution, etc USA :
Name of publisher, distributor, etc McGraw-Hill Inc.
Date of publication, distribution, etc 2008
300 ## - PHYSICAL DESCRIPTION
Extent xiv. 227 p. ;
Other physical details ill. ;
Dimensions 31 cm.
700 ## - ADDED ENTRY--PERSONAL NAME
Personal name Lyons , Edward
9 (RLIN) 8374
942 ## - ADDED ENTRY ELEMENTS (KOHA)
Source of classification or shelving scheme Library of Congress Classification
Koha item type
Holdings
Withdrawn status Lost status Source of classification or shelving scheme Damaged status Home library Current library Shelving location Date acquired Total Checkouts Full call number Barcode Date last seen Copy number Price effective from Koha item type
    Library of Congress Classification   South SEED-LPDH College Library South SEED-LPDH College Library South SEED-LPDH College Section 08/06/2013   RC 630 .J64 2008 SSLC0549 05/15/2018 1 08/06/2013 Books

Fluids and electrocytes demystified :

APA

Johnson J. Y., Lyons, . (2008). Fluids and electrocytes demystified. USA: McGraw-Hill Inc.

Chicago

Johnson Joyce Y, Lyons, . 2008. Fluids and electrocytes demystified. USA: McGraw-Hill Inc.

Harvard

Johnson J. Y., Lyons, . (2008). Fluids and electrocytes demystified. USA: McGraw-Hill Inc.

MLA

Johnson Joyce Y, Lyons, . Fluids and electrocytes demystified. USA: McGraw-Hill Inc. 2008.

  • Place hold
  • Print
  • Cite
  • Add to your cart (remove)
  • Save record
    BIBTEX Dublin Core MARCXML MARC (non-Unicode/MARC-8) MARC (Unicode/UTF-8) MARC (Unicode/UTF-8, Standard) MODS (XML) RIS
  • More searches
    Search for this title in:
    Other Libraries (WorldCat) Other Databases (Google Scholar) Online Stores (Bookfinder.com) Open Library (openlibrary.org)

Exporting to Dublin Core...

SOUTHVILLE LIBRARY

Southville International School and Colleges Library

1281 Tropical Ave. Cor. Luxembourg St., BF Homes International, Las Pinas City

Tel. No. 8256374 / 252358 Loc. 117/146

Powered by Koha